01473aam a2200229 45000010005000000100013000050200017000180820016000351000033000512450100000842600101001843000020002855040063003055050655003686500038010236500026010616500042010876500036011296500033011657000030011989990015012286890 a94148348 a1864030151 :00a079/.94220 aSchultz, Julianne.bcdeq00aNot just another business :bjournalists, citizens, and the media /cedited by Julianne Schultz aLeichhardt, NSW :bPluto Press, National Centre for Australian Studies, Monash University,c1994 a243 p. ;c22 cm aIncludes bibliographical references (p. 225-236) and index aCONTENTS: Preface -- A marketplace of ideas? -- Media convergence and the fourth estate -- The paradox of professionalism -- The paradox of professionalism -- The media and democracy: reclaiming an intellectual agenda -- But that's not the issue -- Bound for disappointment on the highway from heaven to hell -- Politics, news management & monopolies- a consumer issue? -- Diversity: rhetoric & reality -- At the cultural frontier -- Tabloid television -- Creating codes: journalism self-regulation -- Discovering a right to freedom of expression -- Reinventing journalism education- for journalists & citizens -- Sources -- Index. grt 0aFreedom of informationzAustralia 0aJournalismzAustralia 0aMass mediaxSocial aspectszAustralia 0aMass media criticismzAustralia 0aMass media policyzAustralia1 aSchultz, Julianne,d1956- c5829d5829